000 00946nam a2200205 a 4500
001 000021217
005 20200930011250.0
008 100902s1989 dr 001 0 spa d
040 _aDO-SdBNP
_bspa
_cBNPHU
082 _axxxx
_bF363J
100 1 _aFernández-Guerra y Orbe, Luis
_944347
245 1 0 _aD. Juan Ruiz de Alarcón y Mendoza :
_bextracto con nuevos documentos y datos /
_cLuis Fernández -Guerra y Orbe ; presentación José Francisco Ruíz Massieu.
250 _aAlfonso Teja Zabre
260 _aSanto Domingo :, :
_bONAP,
_c1989.
300 _avii, 195 p. :
_bil. ;
_c21 cm.
500 _aReproducción facsimilar dispuesta por el gobiertno dominicano con ocasión de la semana conmemorativa para exaltar a D. Juan Ruiz de Alarcón y Mendoza previa autorización de la embajada mexicana acreditada en la república
700 1 _aRuíz Massieu, José Francisco
_944348
700 1 _aTeja Zabre, Alfonso
_eed.
_944349
049 1 _aBNPD
999 _c20718
_d20718